000 00443nam a22001577a 4500
005 20150226121831.0
008 150226b xxu||||| |||| 00| 0 eng d
040 _adpl
050 _b.
245 _aCorporate citizen
260 _aPune
_bSri Balaji Society
300 _av. :
_bcol. ill. ;
_c27 cm.
310 _aMonthly
270 _a925/5, Mujumdar Apt. F.C. Road
_bPune
_d411004
_msubash.krishanan@corporatecitizen.in
942 _2ddc
_cSR
_s1
999 _c91945
_d91945